01100nam a22002537a 4500001000500000005001700005020001800022040002900040050002200069082001500091100002500106245008000131260003200211300004100243490002300284505000600307520037100313521001900684521001800703650004700721655001300768655002600781700003900807178920250409153328.0 a9781407103433 aFISKHbengdFISKHcFISKH00aD743.7b.D43 200704a940.532221 aDeary, Terryeauthor10aBlitzed Brits /cTerry Deary ; illustrated by Martin Brown & Kate Sheppard. aLondon :bScholastic,c2007 a140 pages :billustrations ;c20 cm.1 aHorrible histories aM aLearn all about the BLITZED BRITS, with all the nasty bits left in. Find out what really happened in Dad's Army, see how to make a rude noise with a gas mask and Learn why the Brits ate chicken-fruit, sinkers and nutty! Includes a grisly quiz to test your knowledge. These bestselling titles are sure to be a huge hit with yet another generation of Terry Deary fans. a750 bLexile  aM bRaz-Plus 0aWorld War, 1939-1945vJuvenile literature. 0aHistory. 7aJuvenile works.2fast1 aBrown, Martind1959-eillustrator.